He is able / (Record no. 5232)

MARC details
000 -LEADER
fixed length control field 00703cam a22002531i 4500
001 - CONTROL NUMBER
control field 10175523
003 - CONTROL NUMBER IDENTIFIER
control field GBCCL
005 - DATE AND TIME OF LATEST TRANSACTION
control field 20241126110536.0
008 - FIXED-LENGTH DATA ELEMENTS--GENERAL INFORMATION
fixed length control field 770902s1936 enk 000 0 eng
020 ## - INTERNATIONAL STANDARD BOOK NUMBER
International Standard Book Number 0801080568
035 ## - SYSTEM CONTROL NUMBER
System control number (OCoLC)3236661
040 ## - CATALOGING SOURCE
Original cataloging agency DLC
Transcribing agency OkTOR
Modifying agency OCoLC
-- DLC
042 ## -
-- premarc
050 00 -
-- BV4501
-- .S363
082 ## - DEWEY DECIMAL CLASSIFICATION NUMBER
Classification number 248
Item number SAN
100 1# - MAIN ENTRY--PERSONAL NAME
Personal name Sangster, W. E.
Fuller form of name (William Edwin),
Dates associated with a name 1900-1960.
9 (RLIN) 235
245 10 - TITLE STATEMENT
Title He is able /
Statement of responsibility, etc. by W. E. Sangster, B. A.
260 ## - PUBLICATION, DISTRIBUTION, ETC.
Place of publication, distribution, etc. Grand Rapids :
Name of publisher, distributor, etc. Baker books,
Date of publication, distribution, etc. 1975
300 ## - PHYSICAL DESCRIPTION
Extent 199 p. ;
Dimensions 19 cm.
650 #0 - SUBJECT ADDED ENTRY--TOPICAL TERM
Topical term or geographic name entry element Christian life.
9 (RLIN) 183
650 #0 - SUBJECT ADDED ENTRY--TOPICAL TERM
Topical term or geographic name entry element Faith.
9 (RLIN) 2645
906 ## - LOCAL DATA ELEMENT F, LDF (RLIN)
a 7
b cbc
c oclcrpl
d u
e ncip
f 19
g y-gencatlg
942 ## - ADDED ENTRY ELEMENTS (KOHA)
Source of classification or shelving scheme Dewey Decimal Classification
Koha item type Books
Holdings
Withdrawn status Lost status Source of classification or shelving scheme Damaged status Not for loan Home library Current Library Shelving location Date acquired Total checkouts Full call number Barcode Date last seen Copy number Price effective from Koha item type
    Dewey Decimal Classification     GRACE BIBLE COLLEGE GRACE BIBLE COLLEGE Ministry & Mission 2018-03-06   248 SAN 008881 2025-05-01 c.1 2018-03-06 Books
© Grace Bible College Library 2025